000 01229nam a2200241Ia 4500
003 Ost
005 20260507075311.0
008 260507s9999||||xx |||||||||||||| ||und||
040 _cfsecg
041 _aara
082 _a346.07
100 _aطه، مصطفى كمال
_eمؤلف
245 0 _aالأوراق التجارية و الافلاس وفقا لأحكام قانون التجارة الجديد رقم 17 لسنة 1999 /
_c مصطفى كمال طه
260 _aالاسكندرية:
_bمكتبة الوفاء القانونية,
_c2010
300 _a452 صفحة؛
_bإيضاحات ؛
_c25 سم
504 _aببليوغرافيا: ص.439-441
520 _aالأوراق التجارية، الكمبيالة، السند الإذني، الشيك، شهر الإفلاس وآثار الإفلاس بالنسبة إلى المدين، آثار الإفلاس بالنسبة إلى الدائنين وغيرهم من ذوي الحقوق، إجراءات الإفلاس، إنتهاء الإفلاس والصلح الواقي من الإفلاس
653 _aالإفلاس
653 _aالأوراق التجارية
653 _aالصكوك
653 _aالكمبيالات
942 _cكتاب
999 _c43870
_d43870